000 00281nam a22001337a 4500
008 190226b xxu||||| |||| 00| 0 eng d
020 _a0534128165
041 _aeng
080 _a371
100 _a25
101 _aEDU
245 _aRead and Succeed
_cBanks, C
942 _2udc
_cBK
999 _c54262
_d54262